[Event "Gibraltar Masters 14th"]
[Site "Caleta"]
[Date "2016.02.01"]
[Round "7"]
[White "Gledura, Benjamin"]
[Black "Anand, Viswanathan"]
[Result "1-0"]
[WhiteElo "2515"]
[BlackElo "2784"]
[Annotator "Marin,M"]
[PlyCount "95"]
[EventDate "2016.01.26"]
[EventType "swiss"]
[EventRounds "10"]
[EventCountry "GGB"]
[SourceTitle "CBM 171"]
[Source "ChessBase"]
[SourceDate "2016.03.14"]
[SourceVersion "2"]
[SourceVersionDate "2016.03.14"]
[SourceQuality "1"]

{This was the greatest upset of the Gibraltar tournament, but for Gledura it
was not the first time he had defeated a World Champion. In October 2015 he
eliminated Anatoly Karpov with 2-0 in the semi-finals of the rapid Highlander
Cup, organised by the Judit Polgar foundation in Budapest.} 1. d4 d5 2. c4 c6
3. Nf3 Nf6 4. Nc3 e6 5. e3 Nbd7 6. Qc2 Bd6 7. Bd3 O-O 8. O-O e5 {A curious
decision against an opponent rated more than 250 points lower. After the
central break the maximum Black can achieve is a draw, not without some
accuracy and patience on the way. The lines with ...dxc4 are flexible enough
to allow the attempt to outplay a less experienced player.} 9. cxd5 cxd5 10. e4
exd4 11. Nxd5 Nxd5 12. exd5 h6 13. Nxd4 Qh4 14. Nf3 Qh5 15. Bh7+ Kh8 16. Qf5
Qxf5 17. Bxf5 Nf6 18. Bxc8 Rfxc8 19. Rd1 Rd8 20. Be3 Be7 21. d6 Rxd6 {This is
all known theory and play usually ends in a draw. White has some lead in
development as Black has to lose a tempo with ...a7-a6 in order to bring his
remaining rook into play, but the structure is perfectly symmetrical and Black
does not have any weaknesses.} 22. Rxd6 ({Anand had faced} 22. Re1 Bf8 (22...
Bd8 23. Kf1 Kg8 24. Rad1 Rxd1 25. Rxd1 Bc7 26. Bd4 Ne8 {Vachier Lagrave,M 
(2754)-Giri,A (2776) Khanty-Mansiysk 2015 CBM 167 [Marin,M] (1/2-1/2, 32)}) 23.
Rac1 Nd5 24. Bc5 Ra6 25. Bxf8 Rxf8 26. Red1 Nf4 27. Rc7 Rxa2 28. g3 Ne6 29.
Rxb7 Kg8 {Vachier Lagrave,M (2722)-Anand,V (2783) Paris/St Petersburg 2013 (1/
2-1/2, 44)}) 22... Bxd6 23. Rd1 (23. Rc1 {does not look too logical as the
rook cannot intrude along the c-file. Maybe White played it for defensive
purposes, fearing some counterplay after a later ...Rc8. The early draw
confirms that he did not have too high ambitions.} a6 24. g3 Rd8 25. Rd1 Rd7 {
Parligras,M (2586)-Motylev,A (2653) Al Ain 2015 (1/2-1/2, 25)}) 23... Bc7 $146
{The bishop stands a bit strangely on this square but} (23... Ne8 {is too
passive to ensure full equality.} 24. Kf1 (24. Nh4 $5) 24... a6 25. Nd4 Bc5 26.
Nf5 Bxe3 27. fxe3 Nf6 28. Nd6 Kh7 29. Ke2 Kg6 30. a4 Rd8 31. a5 Ne8 32. Nxb7
Rb8 33. Rd7 Nf6 34. Rc7 Nd5 35. Rc6+ f6 36. Nd6 Rxb2+ 37. Kf3 Ra2 38. Rxa6 Nb4
39. Rb6 Nd3 40. Nb7 Ne5+ {Al Sayed,M (2530)-Gaponenko,I (2393) Gibraltar 2016 
(1/2-1/2, 44)} 41. Ke4 $1 Rxg2 42. a6 Rxh2 (42... Ra2 43. Nc5 Rxh2 $2 44. a7
Ra2 45. Ra6 $18) 43. Na5 Ra2 44. Rb5 Nc6 $8 45. Nxc6 Rxa6 46. Nd4 {with some
winning chances for White.}) 24. Kf1 {Centralising the king just in case.} ({
Another possible plan is attacking the queenside pawns with} 24. Rd3 a6 25. g3
Kg8 26. Kg2 Rd8 27. Rb3 b5 28. Ra3 Ra8 (28... a5 29. Rc3 Rd7 30. Rc5 $36) 29.
h4 $5 $14 {Black is in no immediate danger but he does not have a clear way to
free himself.}) 24... a6 25. h3 Kg8 26. b3 Rd8 {In principle this should
suffice for a draw, but suprisingly White maintains some slight pressure even
after the rook exchange.} 27. Rxd8+ Bxd8 28. Ke2 h5 $6 {Creating a weakness
without needing it and delaying the king's centralising.} ({But Black does not
have a simple life after the more natural} 28... Kf8 {either:} 29. Kd3 Ke7 30.
Nd4 Nd5 31. Nf5+ Kf6 32. Nd6 Nxe3 33. Kxe3 Ke6 34. Nxb7 Bb6+ {Suddenly the
position becomes double-edged with the knight almost trapped on b7.} 35. Ke4 (
35. Kf3 $6 Kd5 36. b4 Kc6 37. Nc5 Bxc5 38. bxc5 Kxc5 $19) 35... f5+ 36. Kf3 a5
(36... Kd5 {doesn't work out so well. If play continues in similar way as in
the previous line White even wins!} 37. b4 Kc6 38. Nc5 Bxc5 39. bxc5 Kxc5 40.
Kf4 {This is the point: the f5-pawn and the whole kingside are desperately
weak.} g6 41. h4 $18) 37. a3 Kd5 38. b4 a4 $1 {[%csl Ga3]} 39. Ke2 Bd4 (39...
Kc6 $2 40. Na5+ Bxa5 $2 41. bxa5 Kb5 42. Kd3 $18) 40. Nc5 Bxc5 41. bxc5 Kxc5
42. Kd3 g5 $11) 29. Bg5 $1 {Starting with this moment the young Hungarian
talent plays the game very strongly and accurately.} Kf8 30. Kd3 Ke8 ({If} 
30... Ke7 {White can keep the tension with} 31. Bh4 $5 {clearing the g5-square
for the knight while maintaining the unpleasant pin.} Kd7 (31... Kd6 32. Ng5
Ke7 33. Ne4 Ke6 34. Bxf6 gxf6 35. Nc5+ Kd5 36. Nxb7 Bb6 37. b4 Bxf2 38. Nd8 $16
) 32. a4 Nd5 33. Bxd8 (33. Ne5+ Ke6 34. Bxd8 Kxe5 35. Kc4 f6 36. Kc5 g5 {
seems to allow Black to defend his fortress well. The theoretical superiority
of the bishop over the knight is compensated for by Black's perfect
centralisation.}) 33... Kxd8 34. Ng5 $5 (34. Kc4 Nf4) 34... Nf4+ (34... Ke7 $6
35. Kc4 Nf4 36. g3 {[%cal Gc4c5,Gc5b6]}) 35. Ke4 Nxg2 36. Nxf7+ Ke7 37. Ne5 $14
{The position remains unpleasant for Black due to White's centralisation.}) 31.
Bxf6 $1 {Clearing the path for the king's invasion.} Bxf6 32. Ke4 {Since the
bishop does not have targets, the centralising of the king is more relevant
than the bishop's greater mobility than the knight's. Black faces an
unpleasant defence.} Bd8 (32... Kd7 33. Kd5 b6 (33... Bc3 34. Ng5 Ke7 35. Ne4
Bb4 36. Nc5 $18 {is similar to the game.}) 34. Nd2 {[%cal Gd2c4,Gd2e4]}) 33.
Ne5 Ke7 34. Kd5 Bb6 $6 {Black hurries to attack the only white pawn placed on
a dark square but this will prove an illusion.} (34... Bc7 $5 35. Nd3 Kd7 36.
Nc5+ Kc8 {looks unpleasant but White does not have an immediate way to break
through.}) 35. Nd3 Kd7 36. Nc5+ Bxc5 $2 {This leads to a lost pawn ending.} ({
It is also true that the position after} 36... Kc8 {is joyless for several
reasons.} 37. Kd6 (37. Ne4 Kd7 38. Nd6 Bxf2 39. Nxb7 $16 {[%cal Gb3b4,Ga2a4]})
37... Ba5 38. a3 (38. Ke7 $4 Bb4 39. Kd6 b6) 38... Bd8 39. Nd3 $16 {[%csl Gf7,
Gg6][%cal Gd3e5] In one way or another, White should be able to clear the path
for advancing with his king.}) 37. Kxc5 Kc7 (37... h4 {leads to similar play.}
38. Kb6 Kc8 39. g3 hxg3 40. fxg3 f5 41. h4 g6 42. a4 Kb8 43. b4 Kc8 44. Ka7 Kc7
45. b5 a5 46. Ka8 $1 $40) 38. h4 Kd7 (38... b6+ 39. Kd5 Kd7 40. f3 Kc7 41. g4
hxg4 42. fxg4 Kd7 43. b4 $5 {White can afford not to be in a hurry. Before
starting advancing the kingside pawns he can bring his queenside pawns closer
to promoting.} Kc7 44. a3 Kd7 45. a4 Kc7 46. h5 Kd7 47. g5 Ke7 48. Kc6 $18) 39.
Kb6 Kc8 40. b4 Kb8 41. f3 {Before deciding how to advance the a-pawn, it is
useful to provoke the freeing of the kingside. Other moves win, too, but the
way chosen by Gledura is the simplest from a practical point of view.} Kc8 42.
g4 hxg4 43. fxg4 Kb8 44. h5 {[%cal Gg4g5,Gh5h6]} f6 45. a4 {With the king on
c8 the winning move would be 45.a3, forcing a transposition to the game.} Kc8
46. Ka7 Kc7 47. b5 a5 48. Ka8 $1 (48. Ka8 {The main difficulty regarding this
winning move was foreseeing it in advance as now it is the only reasonable one.
} Kb6 49. Kb8 $18) 1-0

[Event "Dortmund SuperGM 40th"]
[Site "Dortmund"]
[Date "2012.07.21"]
[Round "8"]
[White "Gustafsson, Jan"]
[Black "Ponomariov, Ruslan"]
[Result "0-1"]
[WhiteElo "2629"]
[BlackElo "2726"]
[Annotator "Marin,M"]
[PlyCount "140"]
[EventDate "2012.07.13"]
[EventType "tourn"]
[EventRounds "9"]
[EventCountry "GER"]
[EventCategory "19"]
[SourceTitle "CBM 150"]
[Source "ChessBase"]
[SourceDate "2012.09.14"]
[SourceVersion "1"]
[SourceVersionDate "2012.09.14"]
[SourceQuality "1"]

1. d4 {Mueller,Ka} d5 2. Nf3 Nf6 3. c4 c6 4. Nc3 e6 5. e3 Nbd7 6. Qc2 Bd6 7.
Bd3 O-O 8. O-O dxc4 9. Bxc4 e5 {In recent times, Black has tried all sort of
semi-waiting moves before getting his counterplay started. In this game,
Ponomariov prefers to play simple chess and will do it wonderfully well!} 10.
Bb3 {This line made a great furore about a quarter of a century ago, much
under the influence of the analytical efforts of Lev Polugajevsky..} h6 $5 {
A relatively rare continuation, preparing ...Re8 followed by ...e4.} ({The old
continuation is} 10... Qe7 11. Bd2 {, when Black is somewhat short of
constructive plans.} e4 ({With the queen on e7,} 11... h6 {is strongly met by}
12. Nh4 {as, for instance, in Polugaevsky,L (2620)-Daillet,E (2290)/Meudon
1991/ (1-0, 38)}) 12. Ng5 {This looks risky, but Polugaevsky had worked out
all the details.} Bxh2+ 13. Kxh2 Ng4+ 14. Kg1 Qxg5 15. Qxe4 Ndf6 16. Qf4 Qxf4
17. exf4 Nh6 18. d5 $36 {Polugaevsky,L (2595)-Pinter,J (2575)/Zagreb 1987/CBM
004/[Ftacnik] (1-0, 83). Ulterior games did not change the evaluation of this
line as favourable for White.}) 11. h3 (11. Rd1 $5 {deserves attention,
forcing Black to define his intentions regardind the queen.} Qc7 (11... Qe7 12.
Nh4 $16 {Zagorskis,D (2485)-Just,F (2215)/Berlin 1997/CBM 059 ext (1-0, 29)}) (
11... exd4 $5 $146 {may be the best solution. After the rook has been
committed to d1, the opening of the e-file may be less dangerous for Black.})
12. h3 b5 13. Bd2 Bb7 14. Rac1 a6 15. dxe5 $6 (15. Nd5 $1 Nxd5 16. Bxd5 Rac8
17. Qf5 $36) 15... Nxe5 16. Nxe5 Bxe5 17. Nd5 Nxd5 18. Bxd5 Rfd8 19. Bf3 c5 20.
Bxb7 Qxb7 {1/2 Eingorn,V (2560)-Bagirov,V (2460)/Palma de Mallorca 1989/TD})
11... Re8 12. Bd2 e4 {The most ambitious continuation, gaining space and
playing against the d2-bishop.} ({In fact, it seems that even the slightly
"cooperative"} 12... exd4 {is playable:} 13. exd4 Nf8 14. Rad1 Be6 {Sokolov,I 
(2615)-Arduman,C (2405)/Pula 1997/CBM 057 ext (1-0, 41). Despite the final
result, Black seems to be OK here.}) 13. Nh4 $146 {A novelty that does not
change anything essentially.} ({Black managed to consolidate on light squares
after} 13. Nh2 Nb6 14. f4 Bd7 15. Rfd1 Nbd5 16. a3 Be6 {Andriulaitis,V (2581)
-Lueers,J/ICCF Email 1999/Corr 2002 (1/2, 25)}) 13... Bb8 14. Nf5 Nb6 15. Ng3
Bxg3 16. fxg3 Be6 {Black has achieved a good position, with some hopes of
simplifying to an ending with a good knight versus a bad bishop. It is
interesting to follow how this will actually happen in the game!} 17. g4 Bc4
18. Bxc4 Nxc4 19. Ne2 $6 {Gustafsson obviously lost his way by this moment.
This move will eventually lead to the loss of two tempi.} (19. Rf5 Nd6 20. Re5
$5 {looks more active, although Black could more or less force a draw with} Nc4
{(Exchanging rooks on e8 would just bring Black closer to the desired ending).}
) ({Or why not:} 19. Rf2 $5 {[%cal Ga1f1,Gd2c1]}) 19... Nd6 20. Nc3 $6 ({After
} 20. Ng3 Nd5 {the d5-knight surely is irritating.}) ({Optically, it looks
better to play} 20. Nf4 {although after} Nd5 {things may gradually transpose
to the game.}) 20... Rc8 21. Be1 Nd5 22. Nxd5 $6 {One more concession. Opening
the c-file permits further simplifications.} ({It would have been wiser to
maintain the tension with} 22. Qe2 $5 {[%cal Ge1g3]}) 22... cxd5 23. Qe2 Re7
24. Bh4 f6 25. Rac1 Rxc1 26. Rxc1 Rc7 27. Qe1 Rxc1 28. Qxc1 Qc8 29. Qxc8+ Nxc8
{We have finally reached the aforementioned dream ending. I wonder whether
Gustafsson had anticipated the danger, because I am amazed to see that my
computer does NOT!!} 30. Kf1 Kf7 31. Ke2 Kg6 {Black clears the way for his
king by exploiting the relative weakness of the doubled pawns.} 32. Bg3 h5 $1
33. gxh5+ Kxh5 34. Bc7 Ne7 35. Bd6 Nc6 36. b3 g5 37. g3 f5 38. Kd2 f4 $1 39.
gxf4 $2 {I believe that after this natural move White cannot save the game
anymore.} (39. exf4 $2 {is equally bad.} g4 $1 (39... gxf4 40. Bxf4 Nxd4 {
is not entirely clear.}) 40. hxg4+ (40. h4 Nxd4 41. Bc5 Nf5 42. Bf2 e3+ 43.
Bxe3 Nxg3 $19) 40... Kxg4 41. Ke3 Kxg3 $17 {[%cal Gg3g4,Gg4f5]} 42. f5+ $6 Kg4
43. f6 Nd8 $19) (39. Ke2 $5 {was the only hope to set up a reliable fortress.}
fxg3 ({I am not sure whether Black can open the position after} 39... f3+) 40.
Kf1 g4 41. Kg2 gxh3+ 42. Kxh3 g2 43. Kxg2 Kg4 {Black's king is less advanced
than in the game, and I suspect that White should be able to defend.}) 39...
gxf4 40. Bxf4 Kh4 41. Bd6 Kxh3 42. Ke2 Kg2 {The black king has reached such an
advanced position that, with the minor pieces off board the ending would be
easily won for Black. The way it is, Black only needs to get his knight to g3
in order to win, but the mobile white bishop can try to prevent this plan.} 43.
Bc5 a6 44. Bd6 Nd8 45. Be5 Nf7 {Just checking! /\...Ng5-h3-f2-h1-g3+; /\...
Nh6-g4-f2-h1-g3+} 46. Bf4 $1 Nd8 {Changing the plan.} 47. Be5 Kg1 48. Ke1 Nc6
49. Bd6 Na7 $1 {Mueller,Ka: When the knight has full control it has time for
long manoeuvres and can often work wonders:} 50. a4 $2 {Mueller,Ka: 'This
fatally weakens the queenside.'} ({I have not managed to break a waiting
defence, e.g.} 50. Bb4 {Mueller,Ka} Kg2 51. Ke2 Nb5 52. Bf8 Nc3+ ({Sending the
knight to the kingside does not help as White can defend one flank
successfully, e.g.} 52... Nc7 53. Bg7 Ne6 54. Bf6 Nf8 55. Bd8 Ng6 56. Bf6 Kg3
57. Be5+ Kg4 58. Bf6 Nh4 59. Be5 Kh3 60. Kf2 Nf3 61. Kf1 Nh2+ 62. Kg1 Ng4 63.
Bf4 $11) 53. Kd2 Nxa2 54. b4 {[%cal Ga2b4,Ga2c3,Ga2c1] and Black can not win
as his knight is trapped, e.g.} Kf2 55. Bd6 b6 ({The enterprising knight
sacrifice} 55... Nc1 $5 {also fails to win:} 56. Kxc1 Kxe3 57. Bg3 Kd3 58. Kd1
Kc4 59. Be1 Kxd4 60. Ke2 e3 61. Bg3 Ke4 62. Bc7 d4 63. Bb6 d3+ 64. Ke1 Kf3 65.
Bd8 d2+ 66. Kd1 Kf2 67. Bb6 $11) 56. Be7 a5 (56... Kf3 57. Bd6 Kg2 58. Kc2 Kf2
59. Kd2 $11) 57. b5 Nb4 58. Bd8 a4 59. Bxb6 a3 60. Kc3 Kxe3 61. Bc5 a2 62. Kb2
Nd3+ 63. Kxa2 Kf3 64. b6 e3 65. b7 e2 66. b8=Q e1=Q 67. Qf8+ $11) 50... Nc6 $1
{Mueller,Ka: 'The invasion of the knight can not be stopped in the long run.'}
51. b4 (51. Ke2 {Mueller,Ka} Na5 52. Kd2 Nxb3+ 53. Kc3 Na5 54. Kb4 Nc4 55. Bc7
b6 $19) 51... Kg2 52. Ke2 Na7 53. Bc5 Nc8 $3 {Mueller,Ka: 'For the moment the
knight is dominated but White will fall in zugzwang sooner or later.'} 54. a5 (
54. b5 {Mueller,Ka is met by} axb5 55. axb5 b6 56. Bf8 Na7 57. Be7 Nxb5 58. Bd8
Nc3+ 59. Kd2 Nb1+ 60. Kc1 Na3 61. Bxb6 Nc4 $19 {[%cal Gc4b6,Gc4e3]}) 54... Kg3
$1 {Mueller,Ka: 'This puts White in deadly zugzwang.'} 55. Bf8 Na7 56. Bd6+ Kg2
57. Bc5 Nb5 58. Bf8 Na3 59. Be7 Nc4 60. Bc5 Nb2 61. Be7 Nd3 62. Bd6 Nf2 63. Bf4
{And once again we can see a familiar pattern: the knight gets cornered before
being crowned the hero of the game!} Nh1 $3 {As in a famous
Nimzowich-Rubinstein game, the corner is the best square for changing paths.}
64. Kd2 Kf3 65. b5 {Mueller,Ka: 'Desperation as waiting passivly does not help,
e.g.'} (65. Ke1 {Mueller,Ka} Ng3 66. Bg5 Nf5 67. Kd2 Nd6 $19 {[%cal Gd6c4]})
65... axb5 66. Kc3 Nf2 67. Bg5 Nd1+ 68. Kb4 (68. Kd2 {Mueller,Ka} Nb2 $19 {
[%cal Gb2c4,Gc4e3,Gc4a5]}) 68... Nxe3 69. Kxb5 Nc4 70. Kc5 e3 {Mueller,Ka:
'and White resigned as his counterplay is always just too slow:'} (70... e3 71.
Bxe3 (71. Bh4 Ke4 72. Be1 e2 73. Bc3 Ne3 74. Kb6 Nc2 75. Kxb7 Kd3 76. a6 Kxc3
77. a7 e1=Q 78. a8=Q Qe7+ $19) 71... Nxe3 72. Kb6 Nc4+ $19) 0-1

[Event "Khanty-Mansiysk FIDE GP"]
[Site "Khanty-Mansiysk"]
[Date "2015.05.22"]
[Round "8"]
[White "Vachier Lagrave, Maxime"]
[Black "Giri, Anish"]
[Result "1/2-1/2"]
[WhiteElo "2754"]
[BlackElo "2776"]
[Annotator "Marin,M"]
[PlyCount "63"]
[EventDate "2015.05.14"]
[EventType "tourn"]
[EventRounds "11"]
[EventCountry "RUS"]
[EventCategory "21"]
[SourceTitle "CBM 167"]
[Source "ChessBase"]
[SourceDate "2015.07.13"]
[SourceVersion "1"]
[SourceVersionDate "2015.07.13"]
[SourceQuality "1"]

1. d4 {[%emt 0:00:02]} Nf6 {[%emt 0:00:03]} 2. c4 {[%emt 0:00:03]} e6 {[%emt 0:
00:03]} 3. Nf3 {[%emt 0:00:03]} d5 {[%emt 0:00:04]} 4. Nc3 {[%emt 0:00:03]} c6
{[%emt 0:00:03]} 5. e3 {[%emt 0:00:11]} Nbd7 {[%emt 0:00:09]} 6. Qc2 {[%emt 0:
01:10]} Bd6 {[%emt 0:00:37]} 7. Bd3 {[%emt 0:00:12]} O-O {[%emt 0:00:29]} 8.
O-O {[%emt 0:00:04]} e5 {[%emt 0:00:14] This is known to lead to somewhat
one-sided play, but if Black knows what he is doing during the struggle a draw
is the most probable result.} 9. cxd5 {[%emt 0:00:45]} cxd5 {[%emt 0:00:24]}
10. e4 {[%emt 0:00:11]} exd4 {[%emt 0:00:12]} 11. Nxd5 {[%emt 0:00:07]} Nxd5 {
[%emt 0:00:03]} 12. exd5 {[%emt 0:00:07]} h6 {[%emt 0:00:05]} 13. Nxd4 {
[%emt 0:00:18]} Qh4 {[%emt 0:00:08]} 14. Nf3 {[%emt 0:00:07]} Qh5 {[%emt 0:00:
03]} 15. Bh7+ {[%emt 0:00:32]} Kh8 {[%emt 0:00:04]} 16. Qf5 {[%emt 0:00:08]}
Qxf5 {[%emt 0:00:07]} 17. Bxf5 {[%emt 0:00:06]} Nf6 {[%emt 0:00:02]} 18. Bxc8 {
[%emt 0:01:24]} Rfxc8 {[%emt 0:00:04]} 19. Be3 {[%emt 0:00:13]} Rd8 {[%emt 0:
03:04]} 20. Rfd1 {[%emt 0:00:18]} Be7 {[%emt 0:00:08]} 21. d6 {[%emt 0:00:15]}
Rxd6 {[%emt 0:02:36]} 22. Re1 {[%emt 0:00:52]} Bd8 $146 {[%emt 0:02:21]} ({
Black deviates from an earlier game of his opponent, continuing with} 22... Bf8
{Vachier Lagrave,M (2722)-Anand,V (2783) Paris/St Petersburg 2013 (1/2-1/2, 44)
}) 23. Kf1 {[%emt 0:22:34]} Kg8 {[%emt 0:01:06]} 24. Rad1 {[%emt 0:02:29]} Rxd1
{[%emt 0:00:37]} 25. Rxd1 {[%emt 0:00:06]} Bc7 {[%emt 0:00:07]} 26. Bd4 {
[%emt 0:01:30]} Ne8 {[%emt 0:00:24]} 27. Ke2 {[%emt 0:06:16]} a6 {[%emt 0:01:
15]} 28. Bc3 {[%emt 0:00:41]} Nd6 {[%emt 0:03:01]} 29. Rd5 {[%emt 0:01:03]} f6
{[%emt 0:01:04]} 30. Kd3 {[%emt 0:11:05]} Re8 {[%emt 0:00:10]} 31. Bd4 {
[%emt 0:01:53]} Kf7 {[%emt 0:00:36]} 32. Be3 {[%emt 0:00:10]} 1/2-1/2

[Event "Andorra op 16th"]
[Site "Andorra"]
[Date "1998.??.??"]
[Round "3"]
[White "Marin, Mihail"]
[Black "Shetty, Rahul"]
[Result "1-0"]
[WhiteElo "2545"]
[BlackElo "2315"]
[Annotator "Marin,M"]
[PlyCount "97"]
[EventDate "1998.06.??"]
[EventType "swiss"]
[EventRounds "9"]
[EventCountry "AND"]
[SourceTitle "EXT 2003"]
[Source "ChessBase"]
[SourceDate "2002.11.25"]
[SourceVersion "1"]
[SourceVersionDate "2002.11.25"]
[SourceQuality "1"]

1. c4 Nf6 2. Nf3 c6 3. Nc3 d5 4. e3 e6 5. d4 Nbd7 6. Qc2 Bd6 7. Bd3 O-O 8. O-O
dxc4 9. Bxc4 a6 10. Rd1 b5 11. Be2 Qc7 12. e4 e5 13. g3 Re8 (13... Bb7 14. Bg5
h6 $2 15. dxe5 Bxe5 (15... Nxe5 16. Bxf6 gxf6 17. Qd2 $16) 16. Nxe5 hxg5 (16...
Qxe5 17. Bf4 $16) 17. Nxd7 Nxd7 18. Qd2 $16) 14. Bg5 (14. a3) 14... b4 $2 (
14... exd4 15. Nxd4 b4 16. Nf5 Bc5 (16... bxc3 17. Nxd6 cxb2 18. Nxe8 bxa1=Q
19. Nxc7) 17. Na4 Bxf2+) (14... h6 15. dxe5 Bxe5 16. Nxe5 hxg5) 15. dxe5 Bxe5 (
15... Nxe5 16. Bxf6 gxf6 17. Na4 $14) 16. Na4 Bd6 (16... h6 17. Be3 (17. Nxe5
Qxe5 18. Qxc6) 17... Ng4 18. Bd4 $14) 17. Nd2 h6 (17... Bb7 18. Nc4 Nxe4 19.
Nxd6 (19. Rxd6 Nxg5 (19... Nxd6 20. Bf4 Re6 21. Rd1)) 19... Nxd6 20. Bf4 Ne5 (
20... Re6 21. Bg4 Rg6 22. Bxd7 Qxd7 23. Nc5) 21. Qc5 Ne4 22. Qxb4 c5 23. Qb6
$14) 18. Be3 c5 (18... Bb7 19. Nc4 Nxe4 20. Nxd6 Nxd6 21. Bf4) 19. Nc4 Bf8 20.
Bf3 Qa7 (20... Bb7 21. Bf4 Qc6 22. Na5 Qb5 23. Nxb7 Qxb7 24. Bg2 $16) 21. e5
Nxe5 22. Bxa8 Qxa8 (22... Nxc4 23. Qxc4 Be6 24. Bd5 Nxd5 25. Rxd5 Rd8 26. Qxc5
$3 (26. Rxd8 Bxc4 27. Rxf8+ Kh7 {g2}) 26... Bxc5 27. Rxd8+ Kh7 28. Nxc5 $18)
23. Nxe5 Rxe5 24. Nb6 Qc6 25. Nxc8 Qxc8 26. Bd4 Rf5 27. Bxf6 Rxf6 28. Qc4 g6
29. Rd2 Kh7 30. Re1 h5 31. Re5 Qc6 32. Qe4 Kg7 33. b3 a5 34. Qxc6 (34. Rd8 $1
Qb6 35. Ree8 c4 36. Qe2 $3 Re6 (36... Rd6 37. Rb8 Qd4 38. Rxf8 $18) 37. Qxc4
$18) 34... Rxc6 35. Rd7 a4 (35... c4 36. bxc4 a4 37. Re4 g5 38. Ra7 $18) 36.
Re3 axb3 37. axb3 Rf6 38. h4 {g5} (38. Kg2) (38. Re8 Bd6 39. Rdd8) 38... Rf5
39. Kg2 Kf6 (39... Rf6 40. Re8 (40. Rf3 $16) 40... Ra6 (40... Bd6 41. Rdd8))
40. Re8 Bh6 (40... Kg7 41. Rdd8) 41. Rc8 Bc1 42. Rc6+ Kg7 43. Rdc7 Bb2 44. Rxc5
Rxc5 45. Rxc5 Bc3 46. Kf3 Kf6 47. Ke3 Ke6 48. Rxc3 bxc3 49. Kd3 1-0